Real methods in complex and CR geometry : lectures given at the C.I.M.E. Summer School held in Martina Franca, Italy, June 30-July 6, 2002 /

Bibliographic Details
Main Author: Abate, Marco, 1962-
Other Authors: Zaĭt͡sev, D. F. (Dmitriĭ Feoktistovich), Zampieri, G. (Giuseppe)
Format: Book
Language:English
Published: Berlin : Springer, [2004]
Series:Lecture notes in mathematics (Springer-Verlag) ; 1848.
Subjects:

MARC

Tag First Indicator Second Indicator Subfields
LEADER 00000cam a22000004a 4500
001 in00002006459
005 20151031141528.0
008 040730s2004 gw a b 100 0 eng c
016 7 |a 971621713  |2 GyFmDB 
020 |a 3540223584 (pbk.) 
035 |a (OCoLC)ocm56498866 
040 |a UBY  |c UBY  |d TXA  |d UtOrBLW 
042 |a pcc 
049 |a TXAM 
050 4 |a QA613  |b .R435 2004 
090 |a QA3  |b .L28 no.1848 
100 1 |a Abate, Marco,  |d 1962- 
245 1 0 |a Real methods in complex and CR geometry :  |b lectures given at the C.I.M.E. Summer School held in Martina Franca, Italy, June 30-July 6, 2002 /  |c M. Abate [and others] ; editors: D. Zaitsev, G. Zampieri. 
264 1 |a Berlin :  |b Springer,  |c [2004] 
264 4 |c ©2004 
300 |a ix, 218 pages :  |b illustrations ;  |c 24 cm. 
336 |a text  |b txt  |2 rdacontent 
337 |a unmediated  |b n  |2 rdamedia 
338 |a volume  |b nc  |2 rdacarrier 
490 1 |a Lecture notes in mathematics,  |x 0075-8434 ;  |v 1848 
650 0 |a Complex manifolds  |v Congresses. 
650 0 |a CR submanifolds  |v Congresses. 
700 1 |a Zaĭt͡sev, D. F.  |q (Dmitriĭ Feoktistovich) 
700 1 |a Zampieri, G.  |q (Giuseppe) 
830 0 |a Lecture notes in mathematics (Springer-Verlag) ;  |v 1848. 
994 |a C0  |b TXA 
948 |a cataloged  |b h  |c 2004/11/15  |d c  |e blrosas  |f 9:45:51 am 
999 |a MARS 
999 f f |s 7b7bef86-649d-3c2c-934c-6e9ca12e399f  |i f331b9e2-33d5-3422-8b60-043cd665e630  |t 0 
952 f f |p ric  |a Texas A&M University  |b Rellis Campus  |c Joint Library Facility  |d Remote Storage  |t 0  |e QA3 .L28 no.1848  |h Library of Congress classification  |i unmediated -- volume  |m A14831603032 
998 f f |a QA3 .L28 no.1848  |t 0  |l Remote Storage